| 000 | 00419nam a22001337a 4500 | ||
|---|---|---|---|
| 020 | _qPB. | ||
| 040 | _cFIZZA ISHAQ | ||
| 082 |
_a624.1 _bROB |
||
| 100 |
_a Douglas, Robert A. _9132502 |
||
| 245 |
_aLow-Volume Road Engineering: Design, Construction, and Maintenance / _c Robert A. Douglas. |
||
| 260 |
_aNEW YORK: _b CRC Press, _c2017. |
||
| 300 |
_aIndex Inc 320 P. ; _c 6.14 x 0.79 x 9.21 inches |
||
| 942 |
_2ddc _cBK |
||
| 999 |
_c615647 _d615647 |
||